00393nam a22001097a 4500008004100000020001500041082001600056100002100072245013900093260004100232300001000273230620b xxu||||| |||| 00| 0 eng d a0816015392 a324.20bDEL cGeorge E. Delury aWorld Encyclopedia of Political System & Parties bSecond editioncVolume 2hmadagascar-Zimbabwe and smaller countries and microstates bfacts on file publicationscNew york a1409p